Most Popular Attractions by US State - Statistics

General Stats
  • This quiz has been taken 55 times
    30 since last reset
  • The average score is 13 of 50
Answer Stats
Hint Answer % Correct
Montana (national park) Yellowstone National Park
81%
Wyoming (national park) Yellowstone National Park
81%
Florida (amusement park) Disney World's Magic Kingdom
77%
Arizona (national park) Grand Canyon National Park
77%
California (amusement park) Disneyland
69%
Minnesota (shopping area) Mall of America
58%
New York (New Year's Eve site) Times Square
58%
Missouri (St. Louis) Jefferson National Expansion Memorial
54%
South Dakota (national memorial) Mount Rushmore National Memorial
54%
Pennsylvania (historic park) Independence National Historic Park
42%
Nevada (casinos) Las Vegas Strip
42%
Louisiana (area of NOLA) The French Quarter
42%
Virginia (national parkway) Blue Ridge Parkway
35%
Arkansas (national park) Hot Springs National Park
35%
Alabama (rockets) United States Space & Rocket Center
35%
Tennessee (national park) Great Smoky Mountains National Park
31%
New Jersey ("on a blanket with my baby is where I'll be" Atlantic City Boardwalk
27%
Vermont (food factory) Ben & Jerry's Ice Cream Factory
27%
Hawaii (famous beach) Waikiki Beach
27%
Ohio (amusement park) Cedar Point Amusement Park
23%
Colorado (national park) Rocky Mountain National Park
23%
Texas (along a river bank) San Antonio River Walk
23%
Alaska (gold rush) Klondike Gold Rush National Historical Park
19%
Maine (famous clothing store) L.L. Bean Flagship Store
19%
Illinois (former naval training center) Navy Pier
19%
Utah (Mormons) Temple Square
19%
Michigan (Dearborn) The Henry Ford Museum
19%
Delaware (seashore state park) Delaware Seashore State Park
15%
West Virginia (river valley) New River Gorge National River
15%
New Hampshire (national forest) White Mountain National Forest
15%
Oregon (national park) Crater Lake National Park
12%
Kentucky (between Kentucky Lake and Lake Barkley) Land Between the Lakes National Recreation Area
12%
Oklahoma (memorial) Oklahoma City National Memorial
12%
Maryland (a national seashore) Assateague Island National Seashore
8%
South Carolina (Myrtle Beach shopping area) Broadway at the Beach
8%
Massachusetts (Boston site) Faneuil Hall Marketplace
8%
Mississippi (parkway) Natchez Trace Parkway
8%
Washington (shopping area) Pike Place Market
8%
Georgia (Jackson, Lee, & Davis) Stone Mountain Park
8%
North Dakota (national park) Theodore Roosevelt National Park
8%
Iowa (seven villages) Amana Colonies
4%
North Carolina (national parkway) Blue Ridge Parkway
4%
Indiana (on Lake Michigan) Indiana Dunes National Lakeshore
4%
Idaho (theme park) Silverwood Theme Park
4%
New Mexico (zoo, aquarium, water park, and botanic garden) Albuquerque Biological Park
0%
Wisconsin (state park) Devil's Lake State Park
0%
Kansas (preservation of an ecosystem) Flint Hills Tall Grass Prairie
0%
Connecticut (beach state park) Hammonasset Beach State Park
0%
Nebraska (Omaha) Henry Doorly Zoo
0%
Rhode Island (zoo) Roger Williams Park Zoo
0%
No matching quizzes found
Score Distribution
Percent of People with Each Score
Percentile by Number Answered
Your Score History
You have not taken this quiz since the last reset